000 00730nam a22002531 4500
001 6576
003 BD-RjUL
005 20211208234254.0
008 140111s1964 nju b 001 0 eng
035 _a(BD-RjUL)6617
_aMITb10270170
035 _a(OCoLC)00289631
035 _aGLIS00270170
040 _aDLC/ICU
_cCGU
_dm/c
_dBD-RjUL
_beng
041 _aeng
082 0 4 _221
_a512.2
_bSCG 1964
100 1 _aScott, William R.
_q(William Raymond),
_d1919-
_920702
245 1 0 _aGroup theory /
_cW.R. Scott.
260 _aEnglewood Cliffs ; N.J. :
_bPrentice-Hall,
_cc1964.
300 _a479 p. ;
_c23 cm.
504 _aInclude bibliography and index.
650 0 _aGroup theory.
_920343
942 _2ddc
_cBK
999 _c6576
_d6576